000 01018aab a2200193 i 4500
001 768714001
003 CO-MdFUSB
005 20240422101128.0
008 240412t1982 ag ||||| |||| 00| 0 spa d
040 _bspa
_cCO-MdFUSB
041 _aspa
100 1 _aBreneman, Mervin (1930-)
_eautor
245 3 _aLa misión en el Antiguo Testamento
_c/ Mervin Breneman
300 _aVolumen 1, número 1 (marzo - junio, 1982), páginas: 26 - 27
_c; 27 cm
520 _aSi bien el Antiguo Testamento se ocupa principalmente de Israel y su relación con Dios, también nos recuerda la preocupación de Dios por todas las naciones y su deseo de reunirlas a todas en un solo reino. Además, la conciencia misionera no es centrífuga como en el Nuevo Testamento; más bien, es centrípeta: el pueblo debe ver la obra de Dios en Israel e ir a adorarlo..
650 0 _aBiblia
_bPentateuco
_931
773 0 _tIglesia y Misión
_049402
_959626
_gVolumen 1, número 1 (marzo - junio, 1982), páginas: 26 - 27
_qpáginas: 26
942 _cANA
999 _c51276
_d51276